000 00499nam a2200193Ia 4500
005 20250326125823.0
008 250326s9999 xx 000 0 und d
037 _aTextbook
040 _aFMSL
_beng
_cFMSL
041 _aeng
_2eng
084 _aX:8 N6
_qFMSL
100 _aTerry G R
_9272149
245 0 _aOffice managemnt and control
_cTerry G R
250 _a5
260 _aIllinois
_bIllinois, Irwin
_c1966
300 _a793p
942 _cTB
_hX:8 N6
999 _c1279734
_d1279734